AKTA SYARIKAT 2016 (AKTA 777) : (Record no. 4705)

000 -LEADER
fixed length control field nam a22 a 4500
003 - CONTROL NUMBER IDENTIFIER
control field AKMAL
005 - DATE AND TIME OF LATEST TRANSACTION
control field 20170731112149.0
008 - FIXED-LENGTH DATA ELEMENTS--GENERAL INFORMATION
fixed length control field 170731s2017 my e l 000 0 may d
020 ## - INTERNATIONAL STANDARD BOOK NUMBER
Terms of availability RM54.00
082 04 - DEWEY DECIMAL CLASSIFICATION NUMBER
Classification number 346.595066 MAL
Edition number 23
090 00 - LOCALLY ASSIGNED LC-TYPE CALL NUMBER (OCLC); LOCAL CALL NUMBER (RLIN)
Classification number (OCLC) (R) ; Classification number, CALL (RLIN) (NR) 346.595066
Local cutter number (OCLC) ; Book number/undivided call number, CALL (RLIN) MAL
110 1# - MAIN ENTRY--CORPORATE NAME
Corporate name or jurisdiction name as entry element Malaysia,
Relator term jurisdiction governed.
9 (RLIN) 400
245 10 - TITLE STATEMENT
Title AKTA SYARIKAT 2016 (AKTA 777) :
Remainder of title (pindaan sehingga 2016) /
Statement of responsibility, etc. Disusun oleh: Penasihat Undang-Undang MDC
260 ## - PUBLICATION, DISTRIBUTION, ETC.
Place of publication, distribution, etc. Kuala Lumpur:
Name of publisher, distributor, etc. MDC Publishers,
Date of publication, distribution, etc. 2017
300 ## - PHYSICAL DESCRIPTION
Extent xxx, 666pages ;
Dimensions 27 cm
490 1# - SERIES STATEMENT
Series statement UNDANG-UNDANG MALAYSIA
650 10 - SUBJECT ADDED ENTRY--TOPICAL TERM
Topical term or geographic name entry element Corporation law
Geographic subdivision Malaysia
9 (RLIN) 3947
650 20 - SUBJECT ADDED ENTRY--TOPICAL TERM
Topical term or geographic name entry element Commercial law
Geographic subdivision Malaysia
9 (RLIN) 3703
830 #0 - SERIES ADDED ENTRY--UNIFORM TITLE
Uniform title Undang-undang Malaysia
9 (RLIN) 9024
942 ## - ADDED ENTRY ELEMENTS (KOHA)
Source of classification or shelving scheme
Koha item type Book
950 ## - LOCAL HOLDINGS (RLIN)
Permanent shelving location, LOC (RLIN) AKMAL
Holdings
Withdrawn status Lost status Source of classification or shelving scheme Damaged status Not for loan Collection code Home library Current library Shelving location Date acquired Inventory number Total Checkouts Full call number Barcode Date last seen Price effective from Koha item type
          NON-FICTION AKMAL Melaka AKMAL Melaka PINJAMAN 31.07.2017 307143   346.595066 MAL 201707354 31.07.2017 31.07.2017 Book
Pusat Sumber Maklumat Dato' Haji Sarmin Md Hussin, Akademi Kastam Diraja Malaysia, Melaka
Tel: 06-2331106 | Faks: 06-2313787